Przeciwieństwa polskich miast - Statystyki

Ogólne statystyki
  • Ten quiz został rozwiązany 34 razy
  • Średni wynik to 15 z 28
Statystyki odpowiedzi
Przeciwieństwo Miasto L % Poprawnych
Rzadko Szuka Częstochowa C
90%
Czarna Mazowiecka Biała Podlaska B
83%
Czarnisko-Czarna Bielsko-Biała B
83%
Stary Pieprz Nowa Sól N
83%
Samochód Łódź Ł
80%
Odkopane Zakopane Z
77%
Grzesznikochłowice Świętochłowice Ś
73%
Bykowejście Świnoujście Ś
73%
Czerwona Dolina Zielona Góra Z
73%
Brunetka Pomorska Ruda Śląska R
70%
Gołębie-Truj Jastrzębie-Zdrój J
63%
Tadeuszów Podkarpacki Tomaszów Mazowiecki T
63%
O, las! Opole O
60%
Oskarżony-Piaszczenna Skarżysko-Kamienna S
60%
Kaczyński Jarosław J
57%
Skałeczno Piaseczno P
57%
Polak Turek T
53%
Czarna Równina Białystok B
50%
Kwadrat Góra Kołobrzeg K
47%
Stary Zakaz Handlu Nowy Targ N
47%
Oślin Konin K
43%
Trzeźwa Piła P
37%
Gadnik Rybnik R
33%
Stare Pole Pomorskie Nowy Dwór Mazowiecki N
27%
Criminal Police P
20%
Ryzykuj Przemyśl P
20%
No-Name Marki M
7%
Anodonta Ząbki Z
3%
Nie znaleziono quizów pasujących do podanych kryteriów
Rozkład punktacji
Procent ludzi z każdym wynikiem
Percentyl według liczby udzielonych odpowiedzi
Twoja historia wyników
Nie rozwiązałeś tego quizu